000 01839nam a2200541 i 4500
001 1522
003 KOSZ 005
005 20201207143935.0
008 201104s1980 pl a f 000 0 pol
015 _aUWD 1980/10574
020 _a8301008377
035 _a991013594689705066
035 _a(PL-WaBN)b13660949-48omnis_nlop
035 _ab13660949
035 _a(OCoLC)830965110
035 _a(PL)b0000001366094
035 _a(EXLNZ-48OMNIS_NETWORK)9910196654705606
040 _aWA N
_cWA N
_dKOSZ 005/AR
046 _k1980
080 _a546
080 _a(075.8)
100 1 _aDrapała, Tadeusz
_d( -2008)
_eAutor
245 1 0 _aChemia ogólna nieorganiczna /
_cTadeusz Drapała.
250 _aWydanie 5 poprawione.
260 _aWarszawa ;
_aPoznań :
_bPaństwowe Wydawnictwo Naukowe,
_c1980.
300 _a334, [2] strony. :
_bilustracje ;
_c24 cm.
336 _aTekst
_btxt
_2rdacontent
337 _aBez urządzenia pośredniczącego
_bn
_2rdamedia
338 _aWolumin
_bnc
_2rdacarrier
380 _aKsiążki
380 _aPublikacje naukowe
380 _aPublikacje dydaktyczne
385 _aPoziom nauczania
_mSzkoły wyższe
388 _a1901-2000
388 _a1945-1989
500 _aWydanie poprzednie pod tytułam : Chemia ogólna i nieorganiczna.
504 _aBibliografia na stronie [336].
521 _aSkrypt dla studentów akademii rolniczych.
536 _aTytuł dotowany przez Ministerstwo NSzWiT.
650 7 _aChemia
_2DBN
650 7 _aChemia nieorganiczna
_2DBN
655 _aPodręczniki akademickie
658 _aChemia
710 2 _aPaństwowe Wydawnictwo Naukowe
_4pbl
856 _uhttp://koha.tu.koszalin.pl/cgi-bin/koha/opac-detail.pl?biblionumber=1522
_yKatalog online BPK
942 _2UKD
_cKS
999 _c1522
_d1522